| 000 | 00890nam a22002777a 4500 | ||
|---|---|---|---|
| 005 | 20251108173347.0 | ||
| 008 | 250721s2000 xx 000 0 ara d | ||
| 020 | _a2844095496 | ||
| 082 | 1 | 4 | _aط/551.46/لام |
| 100 | 1 | _aلامبرت، ديفيد | |
| 245 | 1 | 0 | _aالمحيطات / |
| 246 | 1 | 1 | _aThe King fisher book of oceans |
| 264 | 1 |
_aبيروت : _bالدار العربية للعلوم، _c2000. |
|
| 300 | _a92ص. : مص | ||
| 490 | 0 | _aكتابي المفضل | |
| 650 | 1 | 7 | _aالمحيطات |
| 650 | 1 | 7 | _aالمد و الجزر |
| 650 | 1 | 7 | _aقاع البحر |
| 650 | 1 | 7 | _aالحيوانات المائية |
| 650 | 1 | 7 | _aالغواصات |
| 650 | 1 | 7 | _aالملاحة |
| 653 | _a(سنة 14-10) ناشئون صغار | ||
| 710 | 2 | _aالدار العربية للعلوم . مركز التعريب و البرمجة | |
| 942 |
_2ddc _cBK |
||
| 999 |
_c102118 _d102118 |
||